000 00393pab a2200157 454500
008 180718b2007 xxu||||| |||| 00| 0 eng d
100 _aChhabra, Rami
245 _aNational AIDS control programme phaseIII: a socio-political disaster in the making
260 _c2007
300 _ap.85-98.
362 _a22 Dec
650 _aAIDS
773 _aMainstream
908 _aN
909 _a76850
999 _c76850
_d76850